Computer system architecture (Record no. 61679)

000 -LEADER
fixed length control field 00728nam a22002177a 4500
003 - CONTROL NUMBER IDENTIFIER
control field NUST-PNEC
005 - DATE AND TIME OF LATEST TRANSACTION
control field 20170116180728.0
008 - FIXED-LENGTH DATA ELEMENTS--GENERAL INFORMATION
fixed length control field 141108b xxu||||| |||| 00| 0 eng d
020 ## - INTERNATIONAL STANDARD BOOK NUMBER
International Standard Book Number 9788131700709
040 ## - CATALOGING SOURCE
Transcribing agency LIBRARY
082 ## - DEWEY DECIMAL CLASSIFICATION NUMBER
Classification number 621.3819 MAN
100 ## - MAIN ENTRY--PERSONAL NAME
9 (RLIN) 947
Personal name Mano, Morris
245 ## - TITLE STATEMENT
Title Computer system architecture
Statement of responsibility, etc. M. Morris Mano
250 ## - EDITION STATEMENT
Edition statement 3rd ed.
260 ## - PUBLICATION, DISTRIBUTION, ETC.
Place of publication, distribution, etc. New Delhi :
Name of publisher, distributor, etc. Pearson Education Ltd.,
Date of publication, distribution, etc. c.2007
300 ## - PHYSICAL DESCRIPTION
Extent xviii, 525 p. :
Other physical details ill. ;
Dimensions 24 cm.
500 ## - GENERAL NOTE
General note Includes Index
650 ## - SUBJECT ADDED ENTRY--TOPICAL TERM
9 (RLIN) 8958
Topical term or geographic name entry element Computer, MIS
General subdivision MIS
856 ## - ELECTRONIC LOCATION AND ACCESS
Uniform Resource Identifier <a href="http://www.amazon.com/Computer-System-Architecture-third-price/dp/8178086875/ref=sr_1_1?s=books&ie=UTF8&qid=1415435363&sr=1-1&keywords=8178086875">http://www.amazon.com/Computer-System-Architecture-third-price/dp/8178086875/ref=sr_1_1?s=books&ie=UTF8&qid=1415435363&sr=1-1&keywords=8178086875</a>
942 ## - ADDED ENTRY ELEMENTS (KOHA)
Source of classification or shelving scheme
Koha item type Book
Holdings
Withdrawn status Lost status Source of classification or shelving scheme Damaged status Not for loan Permanent Location Current Location Shelving location Date acquired Cost, normal purchase price Total Checkouts Full call number Barcode Date last seen Cost, replacement price Price effective from Koha item type
          Pakistan Navy Engineering College (PNEC) Pakistan Navy Engineering College (PNEC)   06/08/2005 480.85   004.22 MAN PNECLIB-026706 11/08/2014 480.85 06/08/2005 Book
          Pakistan Navy Engineering College (PNEC) Pakistan Navy Engineering College (PNEC)         621.3819 MAN PNECLIB-031594 09/07/2015     Book
© 2023 Central Library, National University of Sciences and Technology. All Rights Reserved.